Paroles - Mon cœur, mon amour - Anaïs - Statistiques

Statistiques générales
  • Ce quiz a été pris 449 fois
  • Le résultat moyen est 215 sur 265
Statistiques - réponses
Paroles % Correct
à
100%
a
100%
amour,
100%
amour"
100%
cœur,
100%
cœur
100%
cœur ?"
100%
Mon
100%
mon
100%
"Mon
100%
de
99%
la
97%
"La
97%
Ce
96%
ce
96%
Je
96%
je
96%
"Je
96%
le
95%
Me
95%
me
95%
qui
95%
C'est
94%
c'est
94%
un
94%
Ca
93%
ça
93%
les
93%
que
93%
se
93%
mais
91%
Mais
91%
ta
91%
suis
90%
tout
90%
des
89%
pas...
89%
seule !
89%
couples
88%
couples,
88%
court !
88%
hais
88%
moi
88%
rappelle"
88%
déteste
87%
Et
87%
insupportable
87%
te
87%
beau
86%
d'amour,
85%
dégouline
85%
fait
85%
passe
85%
salade"
85%
chaque
84%
donne
83%
tu
82%
est
81%
mots
80%
Bon
79%
bon
79%
doux
79%
gerbe !
79%
rappellent
79%
"Elle
78%
fais
78%
phrases :
78%
bien
77%
mamours,
77%
aux
76%
quiche,
76%
une
76%
lourd
75%
pudding
75%
table.
75%
qu'est
74%
toi
74%
toi...
74%
bonne
73%
fines
73%
Non
73%
non
73%
sentiments
73%
aromatisé
72%
herbes
72%
mélange
72%
finalement
71%
même
68%
becquée
67%
chose
67%
heure..."
67%
raccroches...
66%
demi
65%
sourire
65%
par
63%
qu'y
63%
t'ai
62%
gentiment
59%
pour
57%
laisse
56%
terre
56%
cul
55%
rappelé...
55%
En
54%
fois
54%
journée...
54%
quand
54%
Alors
53%
alors
53%
crème
50%
appelé
49%
pâtissière
48%
y
48%
"Coucou
46%
Autant
45%
adoré ?
42%
coulis
42%
mièvrerie
41%
Nappée
41%
répondait
41%
cinq
39%
épais
38%
forfait...
37%
minutes
37%
niquant
35%
on
32%
ange
30%
sais
29%
m'inquiétais,
27%
voit
25%
fort
24%
après...
23%
douzième
23%
bébé,
22%
Ouai
21%
t'embrasse
18%
Aucun quiz correspondant
Distribution des résultats
% des personnes avec chaque résultat
Percentile par nombre de réponses
Votre historique - résultats
Vous n’avez pas pris ce quiz